History Quiz

Random History or Politics Quiz

Brexit Referendum: South East England Quiz Stats

 Plays Quiz not verified by Sporcle

Score 0/67 Timer 05:00
0 Plays Today
District R or L? % Correct
Thanet???
84.2%
Swale???
84.2%
Medway???
82.5%
Shepway???
82.5%
Gravesham???
82.5%
Dartford???
80.7%
Ashford???
78.9%
Gosport???
78.9%
Rother???
78.9%
Dover???
77.2%
Havant???
77.2%
Brighton & Hove???
77.2%
Wealden???
77.2%
Tonbridge & Malling???
75.4%
Fareham???
75.4%
Arun???
73.7%
New Forest???
73.7%
Test Valley???
73.7%
Worthing???
71.9%
Sevenoaks???
71.9%
Spelthorne???
70.2%
Oxford???
70.2%
Isle of Wight???
70.2%
Rushmoor???
70.2%
Windsor & Maidenhead???
70.2%
South Bucks???
68.4%
Runnymede???
68.4%
West Oxfordshire???
68.4%
Maidstone???
68.4%
Eastleigh???
68.4%
Hastings???
68.4%
Reading???
68.4%
Surrey Heath???
66.7%
Basingstoke & Deane???
66.7%
District R or L? % Correct
Eastbourne???
66.7%
Guildford???
63.2%
Aylesbury Vale???
63.2%
Adur???
61.4%
Crawley???
61.4%
Tandridge???
61.4%
Cherwell???
61.4%
Portsmouth???
61.4%
Epsom & Ewell???
59.6%
Slough???
59.6%
Bracknell Forest???
59.6%
Chichester???
56.1%
Winchester???
54.4%
Wokingham???
54.4%
Canterbury???
52.6%
South Oxfordshire???
50.9%
Wycombe???
49.1%
Reigate & Banstead???
45.6%
Southampton???
45.6%
West Berkshire???
43.9%
Mole Valley???
43.9%
Milton Keynes???
43.9%
Lewes???
42.1%
Waverley???
38.6%
Vale of White Horse???
38.6%
Hart???
35.1%
Mid Sussex???
33.3%
Chiltern???
33.3%
Woking???
31.6%
Tunbridge Wells???
31.6%
Elmbridge???
28.1%
East Hampshire???
26.3%
Horsham???
21.1%

You're not logged in!

Compare scores with friends on all Sporcle quizzes.
OR
Log In

You Might Also Like...

Show Comments

Extras

Top Quizzes Today


Score Distribution

Your Account Isn't Verified!

In order to create a playlist on Sporcle, you need to verify the email address you used during registration. Go to your Sporcle Settings to finish the process.

Report this User

Report this user for behavior that violates our Community Guidelines.

Details: